[Event "Muensterland Verbandsklasse-B 0910"]
[Site "Germany"]
[Date "2010.01.09"]
[Round "5.6"]
[White "Gaebler, Marcel"]
[Black "Wolffgang, Georg"]
[Result "0-1"]
[WhiteElo "1560"]
[BlackElo "1828"]
[PlyCount "49"]
[EventDate "2009.09.19"]
[EventType "team-tourn"]
[EventRounds "9"]
[EventCountry "GER"]
[SourceTitle "EXT 2011"]
[Source "ChessBase"]
[SourceDate "2010.11.26"]
[SourceVersion "1"]
[SourceVersionDate "2010.11.26"]
[SourceQuality "1"]
[WhiteTeam "Beelen"]
[BlackTeam "Telgte"]
[WhiteTeamCountry "GER"]
[BlackTeamCountry "GER"]

1. d4 c5 2. e4 cxd4 3. c3 dxc3 4. Bc4 e6 5. Nf3 Bc5 6. Nxc3 a6 7. e5 Qc7 8. Bb3 Nc6 9. Bf4 Nge7 10. Bc2 Ng6 11. Bxg6 fxg6 12. 0-0 0-0 13. g3 h6 14. Qd3 g5 15. Bxg5 hxg5 16. Nxg5 Rf5 17. Nce4 Nxe5 18. Qe2 Be7 19. Qh5 Bxg5 20. Nxg5 Rxg5 21. Qe8+ Kh7 22. f4 Qc5+ 23. Kh1 b5 24. h4 Bb7+ 25. Kh2 0-1